000 00902naa a2200217 a 4500
001 85118
003 BD-RjUL
005 20250703142018.0
008 250703s1963 pk ||||| |||| 00| 0 urd d
035 _a(BD-RjUL)85118
040 _aBD-RjUL
_beng
_cBD-RjUL
041 _aeng
082 _223
_a891.4391092
_bALZ 1963
100 _a:علوى، تنوىر احمد. / ʻAlvī., Tanvīr Aḥmad
_915883
245 1 0 _aذوق : سوانح اور انتقاد / Z̲auq : savāniḥ aur intiqād /
_cAuthors:تنوىر احمد علوى., علوى، تنوىر احمد. / Tanvīr Aḥmad ʻAlvī., Tanvīr Aḥmad ʻAlvī
260 _a Lāhaur,:
_bمجلس ترقّى ادب/ Majlis-i Taraqqī-yi Adab,
_c1963
300 _a354 p. ;
_c22 cm
600 _aZ̲auq, Shaik̲h̲ Muḥammad Ibrāhīm,
_y 1789-1854
_915884
650 _a (اردو شاعری )
_v تنقید و تجزیہ
_915885
942 _2ddc
_cBK
999 _c85118
_d85118